Harry Potter: le Ministère de la Magie - Statistiques

Statistiques générales
  • Ce quiz a été pris 60 fois
    54 depuis la dernière actualisation
  • Le résultat moyen est 19 sur 45
Statistiques - réponses
Information Réponses % Correct
Première mention Harry Potter à l'école des sorciers
90%
Dernière apparition Harry Potter et les Reliques de la Mort
85%
Première apparition Harry Potter et l'Ordre du Phénix
85%
Employé connu Cornelius Fudge
80%
Employée connue Dolores Ombrage
78%
Employé connu Arthur Weasley
75%
Département Département des mystères
73%
Employé connu Harry Potter
65%
Employé connu Kingsley Shaklebolt
65%
Employé connu Rufus Scrimgeour
60%
Fonction connue Ministre de la Magie
58%
Employée connue Hermione Granger
55%
Employée connue Nymphadora Tonks
55%
Fonction connue Auror
53%
Employé connu Reginald Cattermole
53%
Employé connu Ron Weasley
53%
Employé connu Alastor Maugrey
50%
Département Département de la justice magique
50%
Employé connu Barty Croupton Sr
48%
Employée connue Mafalda Hopkrik
48%
Employé connu Percy Weasley
45%
Employé connu Pius Thicknesse
45%
Employé connu Lucius Malefoy
43%
Département Département des jeux et sports magiques
40%
Employé connu Yaxley
38%
Employé connu Albert Runcorn
35%
Employé connu Ludo Verpey
30%
Employé connu Neville Londubat
28%
Département Département des transports magiques
25%
Fonction connue Langue-de-plomb
25%
Employée connue Amélia Bones
23%
Employée connue Bertha Jorkins
23%
Employé connu Amos Diggory
20%
Employé connu Frank Londubat
20%
Employé connu John Dawlish
20%
Employée connue Alice Londubat
18%
Employé connu Augustus Rookwood
18%
Département Département de la coopération magique internationale
18%
Département Département des accidents et catastrophes magiques
18%
Fonction connue Sous-secrétaire d'état
18%
Fonction connue Oubliator
15%
Département Département de contrôle et de régulation des animaux magiques
8%
Employé connu Norbert Dragonneau
8%
Fonction connue Directeur de département
5%
Fonction connue Tireur d'élite de baguette magiques
0%
Aucun quiz correspondant
Distribution des résultats
% des personnes avec chaque résultat
Percentile par nombre de réponses
Votre historique - résultats
Vous n’avez pas pris ce quiz depuis la dernière actualisation